Historia de Alemania

Đã lưu trong:
Chi tiết về thư mục
Những tác giả chính: Haller, Johannes (Tác giả), Dannenbauer, Heinrich (Tác giả)
Định dạng: Sách
Ngôn ngữ:Tiếng Tây Ban Nha
Được phát hành: Barcelona UTEHA 1964
Phiên bản:1a. ed
Loạt:Manuales UTEHA, 197
Những chủ đề:
Các nhãn: Thêm thẻ
Không có thẻ, Là người đầu tiên thẻ bản ghi này!

MARC

LEADER 00000cam a2200000 a 4500
001 UCD4936
003 CL-VaPUC
008 160731e19640000sp |||||||||||||||||spa|d
082 0 4 |a 943  |b HAL  |2 21 
100 0 |a Haller, Johannes  |e author  |9 588657 
700 0 |a Dannenbauer, Heinrich  |e author  |9 588658 
245 1 0 |a Historia de Alemania 
250 |a 1a. ed 
300 |a t 
942 |c BK 
945 |d 20160731 21:25:00  |a dcastane 
260 |a Barcelona  |b UTEHA  |c 1964 
500 |a t.2: de los carolingios a los Staufer. Época antigua de los emperadores alemanes, 900-1250 
650 0 |a Historia de Alemania  |9 431857 
650 7 |a CAROLINGIOS  |2 CL-VaPUC  |9 320966 
650 7 |a EMPERADORES  |2 CL-VaPUC  |9 333943 
583 |a last modification  |c 20160731 21:25:00  |k Rodrigo Vera 
490 0 |a Manuales UTEHA, 197 
999 |c 365726  |d 365724 
952 |0 0  |1 0  |3 erd  |4 0  |6 943_000000000000000_HAL_1964  |7 0  |8 A  |9 479673  |a BIBHIS  |b BIBHIS  |e Villagrán Garnham, Jorge  |h t.2  |i 5317851  |o 943 HAL 1964  |p 5317851  |r 2025-01-20  |w 2019-11-24  |y BK  |z Catalogado en:20160731  |k HIS